Statistics for Trick question towns: choose the country (trois)

Click here to take the quiz!

General Stats

  • This quiz has been taken 6 times
  • The average score is 7 of 20

Answer Stats

QuestionAnswer% Correct
XanamkhanLaos
83%
InnerwaltenItaly
67%
AndorraSpain
67%
DoversSt. Vincent and the Grenadines
67%
Dar-SalamaComoros
50%
OkapaPapua New Guinea
50%
MixcoGuatemala
33%
OuangolodougouIvory Coast
33%
NgetbongPalau
33%
El GalhakSouth Sudan
33%
TurkmenUzbekistan
33%
GuiderCameroon
17%
ConstanzaDominican Republic
17%
JardelundGermany
17%
Daoussa w BaghdadiLebanon
17%
MulukukuNicaragua
17%
KwamalasamutuSuriname
17%
ChiassoSwitzerland
17%
SweihanUnited Arab Emirates
17%
WönkenVenezuela
17%

Score Distribution

Percentile by Number Answered

Percent of People with Each Score

Your Score History

You have not taken this quiz